Les classiques disney sortie entre 1937 et 1949 - Statistiques

Statistiques générales
  • Ce quiz a été pris 5 fois
  • Le résultat moyen est 9 sur 13
Statistiques - réponses
Indice Réponse % Correct
Décembre 1937 Blanche-Neige et les Sept Nains
100%
Août 1942 Bambi
80%
Octobre 1941 Dumbo
80%
Novembre 1940 Fantasia
80%
Février 1940 Pinocchio
80%
Septembre 1947 Coquin de printemps
60%
Avril 1946 La boite à musique
60%
Octobre 1949 Le Crapaud et le Maitre d'école
60%
Décembre 1944 Les 3 Caballeros
60%
Mai 1948 Melodie Cocktail
60%
Août 1942 Saludos amigos
60%
1948 Danny le petit mouton noir
40%
Novembre 1946 Melodie Du Sud
40%
Aucun quiz correspondant
Distribution des résultats
% des personnes avec chaque résultat
Percentile par nombre de réponses
Votre historique - résultats
Vous n’avez pas pris ce quiz